[Event "CFriend AT-2005-0-00441 email"]
[Site "Chessfriend.com"]
[Date "2006.01.01"]
[Round "1"]
[White "Billaudelle, Frank"]
[Black "Reese, Joern"]
[Result "1-0"]
[WhiteElo "2438"]
[BlackElo "1753"]
[PlyCount "63"]
[EventDate "2006.??.??"]
[EventType "tourn (corr)"]
[EventRounds "2"]
[SourceTitle "Corr 2024"]
[Source "ChessBase"]
[SourceDate "2023.10.19"]
[SourceVersion "1"]
[SourceVersionDate "2023.10.19"]
[SourceQuality "1"]

1. e4 d6 2. g3 b6 3. Bg2 Bb7 4. d4 Nc6 5. Ne2 Nf6 6. 0-0 e5 7. Nbc3 Ba6 8. Re1 Rb8 9. h3 g6 10. Be3 b5 11. d5 b4 12. Nb1 Na5 13. c3 Nc4 14. Bc1 Bg7 15. b3 Na5 16. c4 0-0 17. Be3 c5 18. a3 bxa3 19. Rxa3 Rb4 20. Bd2 Rxb3 21. Bxa5 Rxb1 22. Qxb1 Qc8 23. Bd2 Bxc4 24. Rxa7 Ba6 25. Qa2 Bb7 26. Rb1 Qc7 27. Rbxb7 Qd8 28. Ba5 Qe8 29. Nc3 Nh5 30. Bf1 Qc8 31. Nb5 c4 32. Bb6 1-0

[Event "CFriend AT-2005-0-00388 email"]
[Site "Chessfriend.com"]
[Date "2005.12.03"]
[Round "1"]
[White "Billaudelle, Frank"]
[Black "Reese, Joern"]
[Result "1-0"]
[WhiteElo "2438"]
[BlackElo "1753"]
[PlyCount "59"]
[EventDate "2005.??.??"]
[EventType "tourn (corr)"]
[EventRounds "2"]
[SourceTitle "Corr 2024"]
[Source "ChessBase"]
[SourceDate "2023.10.19"]
[SourceVersion "1"]
[SourceVersionDate "2023.10.19"]
[SourceQuality "1"]

1. d4 Nc6 2. d5 Ne5 3. e4 d6 4. c4 c5 5. Nc3 b6 6. Be2 Bb7 7. b3 a6 8. f4 Nd7 9. Nf3 Ngf6 10. 0-0 g6 11. Qc2 Bg7 12. Bd3 0-0 13. e5 dxe5 14. fxe5 Nh5 15. g4 Nhf6 16. exf6 Bxf6 17. g5 Bg7 18. Bb2 e6 19. h4 exd5 20. cxd5 f6 21. Rae1 Qc7 22. Re7 Qg3+ 23. Qg2 Qd6 24. Rxg7+ Kxg7 25. Ne4 Qb8 26. gxf6+ Nxf6 27. Nxf6 Rxf6 28. Ng5 Qd6 29. Rxf6 Qd8 30. Ne6+ 1-0

[Event "CFriend AT-2005-0-00372 email"]
[Site "Chessfriend.com"]
[Date "2005.11.21"]
[Round "1"]
[White "Billaudelle, Frank"]
[Black "Reese, Joern"]
[Result "1-0"]
[WhiteElo "2438"]
[BlackElo "1753"]
[PlyCount "71"]
[EventDate "2005.??.??"]
[EventType "tourn (corr)"]
[EventRounds "2"]
[SourceTitle "Corr 2024"]
[Source "ChessBase"]
[SourceDate "2023.10.19"]
[SourceVersion "1"]
[SourceVersionDate "2023.10.19"]
[SourceQuality "1"]

1. e4 e5 2. Nf3 d6 3. Nc3 Nf6 4. Bc4 Bg4 5. h3 Bh5 6. g4 Bg6 7. d3 Nc6 8. Nh4 Qd7 9. Be3 Na5 10. Bb3 Nxb3 11. axb3 d5 12. Nxg6 hxg6 13. exd5 Nxd5 14. Rxa7 Rxa7 15. Bxa7 Bb4 16. Qa1 Nxc3 17. bxc3 Be7 18. Be3 f5 19. Qa8+ Qd8 20. Qxb7 fxg4 21. Qc6+ Kf7 22. Qc4+ Ke8 23. Qxg4 g5 24. Qa4+ Kf8 25. Qc4 Rh4 26. Qe6 Qa8 27. Rh2 Qa1+ 28. Kd2 Ba3 29. Qc8+ Ke7 30. Qxc7+ Kf6 31. Bxg5+ Kxg5 32. Qxg7+ Kf5 33. Qf7+ Kg5 34. Rg2+ Rg4 35. Rxg4+ Kh6 36. Qg6# 1-0

[Event "CFriend AT-2005-0-00372 email"]
[Site "Chessfriend.com"]
[Date "2005.11.21"]
[Round "1"]
[White "Reese, Joern"]
[Black "Billaudelle, Frank"]
[Result "0-1"]
[WhiteElo "1753"]
[BlackElo "2438"]
[PlyCount "38"]
[EventDate "2005.??.??"]
[EventType "tourn (corr)"]
[EventRounds "2"]
[SourceTitle "Corr 2024"]
[Source "ChessBase"]
[SourceDate "2023.10.19"]
[SourceVersion "1"]
[SourceVersionDate "2023.10.19"]
[SourceQuality "1"]

1. d4 d5 2. Nf3 c6 3. e3 Nf6 4. b3 Bf5 5. Bd3 Bg6 6. Bxg6 hxg6 7. 0-0 Nbd7 8. Nc3 e5 9. dxe5 Ne4 10. Nxe4 dxe4 11. Nd2 Qh4 12. h3 Nxe5 13. Kh2 Bd6 14. Kg1 g5 15. f4 exf3 16. Nxf3 Qg3 17. Bb2 0-0-0 18. Qd4 Rxh3 19. Nxe5 Rdh8 0-1

[Event "CFriend AT-2005-0-00324 email"]
[Site "Chessfriend.com"]
[Date "2005.10.13"]
[Round "1"]
[White "Reese, Joern"]
[Black "Billaudelle, Frank"]
[Result "0-1"]
[WhiteElo "1753"]
[BlackElo "2438"]
[PlyCount "44"]
[EventDate "2005.??.??"]
[EventType "tourn (corr)"]
[EventRounds "2"]
[SourceTitle "Corr 2024"]
[Source "ChessBase"]
[SourceDate "2023.10.19"]
[SourceVersion "1"]
[SourceVersionDate "2023.10.19"]
[SourceQuality "1"]

1. d4 c5 2. e3 d5 3. dxc5 e5 4. b4 a5 5. c3 axb4 6. cxb4 b6 7. Nc3 Nf6 8. a4 bxc5 9. Ba3 cxb4 10. Bb5+ Bd7 11. Bb2 bxc3 12. Bxc3 Bxb5 13. axb5 Rxa1 14. Qxa1 Nbd7 15. Ba5 Qb8 16. Qb1 Be7 17. f4 0-0 18. Nf3 Ne4 19. 0-0 exf4 20. exf4 Qa7+ 21. b6 Qxa5 22. Rd1 Qxb6+ 0-1

[Event "CFriend AT-2005-0-00321 email"]
[Site "Chessfriend.com"]
[Date "2005.10.09"]
[Round "1"]
[White "Reese, Joern"]
[Black "Billaudelle, Frank"]
[Result "0-1"]
[WhiteElo "1753"]
[BlackElo "2438"]
[PlyCount "56"]
[EventDate "2005.??.??"]
[EventType "tourn (corr)"]
[EventRounds "2"]
[SourceTitle "Corr 2024"]
[Source "ChessBase"]
[SourceDate "2023.10.19"]
[SourceVersion "1"]
[SourceVersionDate "2023.10.19"]
[SourceQuality "1"]

1. d4 d5 2. Nf3 Nf6 3. Nc3 c6 4. e3 Bf5 5. Ne5 Nbd7 6. f4 Nxe5 7. fxe5 Ne4 8. Nxe4 Bxe4 9. Qe2 e6 10. Bd2 Bxc2 11. Rc1 Be4 12. Qf2 Qb6 13. b3 Ba3 14. Rc3 Bb4 15. Rc1 Qa5 16. Bxb4 Qxb4+ 17. Qd2 Qxd2+ 18. Kxd2 Ke7 19. Rg1 h5 20. Be2 g5 21. Bf3 Bxf3 22. gxf3 g4 23. fxg4 hxg4 24. Rxg4 Rxh2+ 25. Kd3 Rxa2 26. b4 Rh8 27. Rb1 Rhh2 28. b5 Ra3+ 0-1

[Event "CFriend AT-2005-0-00302 email"]
[Site "Chessfriend.com"]
[Date "2005.09.25"]
[Round "1"]
[White "Reese, Joern"]
[Black "Billaudelle, Frank"]
[Result "0-1"]
[WhiteElo "1753"]
[BlackElo "2438"]
[PlyCount "90"]
[EventDate "2005.??.??"]
[EventType "tourn (corr)"]
[EventRounds "2"]
[SourceTitle "Corr 2024"]
[Source "ChessBase"]
[SourceDate "2023.10.19"]
[SourceVersion "1"]
[SourceVersionDate "2023.10.19"]
[SourceQuality "1"]

1. Nf3 c5 2. d3 d5 3. c3 Nc6 4. Nbd2 e5 5. c4 d4 6. e3 Nf6 7. g3 dxe3 8. fxe3 Ng4 9. Ne4 f5 10. Nc3 e4 11. dxe4 Qxd1+ 12. Kxd1 fxe4 13. Ng5 Nf2+ 14. Kc2 Nb4+ 15. Kb3 Nxh1 16. Ngxe4 Bd7 17. a3 Nc6 18. Bg2 Nxg3 19. hxg3 0-0-0 20. Ka2 Be6 21. b3 Be7 22. Bd2 Bg5 23. Rd1 Be7 24. Ng5 Rxd2+ 25. Rxd2 Bxg5 26. Rd6 Rd8 27. Nb5 Rxd6 28. Nxd6+ Kb8 29. e4 h5 30. Bf3 h4 31. gxh4 Bxh4 32. Nb5 Bg3 33. Nc3 Be5 34. Na4 b6 35. Kb1 g5 36. Bg2 Nd4 37. Kb2 Nf5+ 38. Kc1 Nh4 39. Bf1 g4 40. b4 g3 41. bxc5 g2 42. Bxg2 Nxg2 43. cxb6 Bxc4 44. Nc5 Bf4+ 45. Kc2 axb6 0-1

[Event "CFriend AT-2005-0-00289 email"]
[Site "Chessfriend.com"]
[Date "2005.09.14"]
[Round "1"]
[White "Reese, Joern"]
[Black "Billaudelle, Frank"]
[Result "0-1"]
[WhiteElo "1753"]
[BlackElo "2438"]
[PlyCount "38"]
[EventDate "2005.??.??"]
[EventType "tourn (corr)"]
[EventRounds "2"]
[SourceTitle "Corr 2024"]
[Source "ChessBase"]
[SourceDate "2023.10.19"]
[SourceVersion "1"]
[SourceVersionDate "2023.10.19"]
[SourceQuality "1"]

1. e4 g6 2. Nf3 Bg7 3. Nc3 d6 4. Bc4 e6 5. 0-0 Ne7 6. d3 0-0 7. b4 a6 8. a3 b6 9. Bd2 c6 10. Rb1 Bb7 11. Bg5 h6 12. Bxh6 Bxh6 13. Nd2 Kg7 14. Re1 Rh8 15. Qf3 Nd7 16. g4 Bxd2 17. Re2 Bxc3 18. Rf1 Be5 19. g5 Rxh2 0-1

[Event "CFriend AT-2005-0-00277 email"]
[Site "Chessfriend.com"]
[Date "2005.08.29"]
[Round "1"]
[White "Billaudelle, Frank"]
[Black "Reese, Joern"]
[Result "1-0"]
[WhiteElo "2438"]
[BlackElo "1753"]
[PlyCount "89"]
[EventDate "2005.??.??"]
[EventType "tourn (corr)"]
[EventRounds "2"]
[SourceTitle "Corr 2024"]
[Source "ChessBase"]
[SourceDate "2023.10.19"]
[SourceVersion "1"]
[SourceVersionDate "2023.10.19"]
[SourceQuality "1"]

1. e4 Nf6 2. e5 Ng4 3. Qxg4 d6 4. Qe2 Nc6 5. exd6 cxd6 6. c3 e5 7. g3 Be6 8. Bh3 Qd7 9. Bxe6 Qxe6 10. d3 0-0-0 11. Be3 f6 12. h3 g6 13. Nd2 h5 14. b4 f5 15. b5 Na5 16. Bxa7 Qd5 17. Qf3 Qxb5 18. Rb1 Qa6 19. Bb6 Re8 20. Bxa5 Qxa5 21. Qxb7+ Kd8 22. Qb6+ Qxb6 23. Rxb6 e4 24. dxe4 fxe4 25. Nc4 Kd7 26. Ne2 Rg8 27. Nd4 d5 28. Ne3 Bc5 29. Rb5 Kd6 30. Ke2 Re5 31. Rd1 Rh8 32. Nb3 Bxe3 33. fxe3 Rg5 34. c4 Rxg3 35. Rdxd5+ Ke7 36. Nd4 Rxh3 37. Re5+ Kf6 38. Re6+ Kg7 39. Rb7+ Kh6 40. Rbb6 Rg8 41. Kd2 Rh2+ 42. Kc3 Rxa2 43. Rb5 Rg2 44. Nf5+ Kg5 45. Ne7+ 1-0

[Event "CFriend AT-2005-0-00275 email"]
[Site "Chessfriend.com"]
[Date "2005.08.21"]
[Round "1"]
[White "Reese, Joern"]
[Black "Billaudelle, Frank"]
[Result "0-1"]
[WhiteElo "1753"]
[BlackElo "2438"]
[PlyCount "82"]
[EventDate "2005.??.??"]
[EventType "tourn (corr)"]
[EventRounds "2"]
[SourceTitle "Corr 2024"]
[Source "ChessBase"]
[SourceDate "2023.10.19"]
[SourceVersion "1"]
[SourceVersionDate "2023.10.19"]
[SourceQuality "1"]

1. e3 c5 2. c4 g6 3. Nf3 Bg7 4. Nc3 d6 5. d4 cxd4 6. exd4 Nf6 7. d5 0-0 8. Bd3 Nbd7 9. 0-0 Nc5 10. Bc2 e6 11. Ng5 e5 12. Re1 h6 13. Nge4 Nfxe4 14. Nxe4 Nxe4 15. Bxe4 f5 16. Bc2 e4 17. f3 Be5 18. Rf1 Qb6+ 19. Rf2 Bd4 20. Qe1 Bxf2+ 21. Qxf2 Qxf2+ 22. Kxf2 exf3 23. Bxh6 Rf7 24. gxf3 b6 25. Bf4 Ba6 26. b3 Rd8 27. Rg1 Kh7 28. Bg5 Rc8 29. h4 b5 30. Rh1 bxc4 31. bxc4 Bxc4 32. h5 Bxd5 33. Bd3 Rc3 34. Ke2 Bxf3+ 35. Kxf3 Rxd3+ 36. Kf4 Rb7 37. hxg6+ Kxg6 38. Rh6+ Kg7 39. Kxf5 Rb5+ 40. Ke6 Rxg5 41. Rf6 Re5+ 0-1

[Event "CFriend AT-2005-0-00264 email"]
[Site "Chessfriend.com"]
[Date "2005.08.06"]
[Round "1"]
[White "Billaudelle, Frank"]
[Black "Reese, Joern"]
[Result "1-0"]
[WhiteElo "2438"]
[BlackElo "1753"]
[PlyCount "71"]
[EventDate "2005.??.??"]
[EventType "tourn (corr)"]
[EventRounds "2"]
[SourceTitle "Corr 2024"]
[Source "ChessBase"]
[SourceDate "2023.10.19"]
[SourceVersion "1"]
[SourceVersionDate "2023.10.19"]
[SourceQuality "1"]

1. Nf3 Nc6 2. g3 d6 3. d3 e5 4. Bg2 Nf6 5. 0-0 d5 6. Nbd2 Bc5 7. e4 Bg4 8. exd5 Qxd5 9. Nb3 Bb6 10. a4 a5 11. Bg5 Rd8 12. Qe2 h6 13. Bxf6 gxf6 14. d4 Nxd4 15. Nbxd4 Bxd4 16. c3 Bb6 17. Rfd1 Qe6 18. Rxd8+ Kxd8 19. Rd1+ Ke7 20. Qd2 Rd8 21. Qe2 Rh8 22. Qd2 Qc8 23. Re1 Rd8 24. Qxh6 Qe6 25. h3 Bf5 26. g4 Bc2 27. g5 Bxa4 28. gxf6+ Qxf6 29. Rxe5+ Qxe5 30. Nxe5 Rd1+ 31. Kh2 Bxf2 32. Nxf7 Bc6 33. Bxc6 Bg1+ 34. Kg2 bxc6 35. Qxc6 Kxf7 36. Qf3+ 1-0

[Event "CFriend AC-2005-Q-00005 email"]
[Site "Chessfriend.com"]
[Date "2005.07.22"]
[Round "1"]
[White "Dyakov, Aleksandr"]
[Black "Reese, Joern"]
[Result "1-0"]
[WhiteElo "2223"]
[BlackElo "1753"]
[PlyCount "29"]
[EventDate "2005.??.??"]
[EventType "tourn (corr)"]
[EventRounds "6"]
[SourceTitle "Corr 2024"]
[Source "ChessBase"]
[SourceDate "2023.10.19"]
[SourceVersion "1"]
[SourceVersionDate "2023.10.19"]
[SourceQuality "1"]

1. e4 e5 2. Nf3 Nc6 3. Bc4 Bc5 4. c3 d6 5. d4 Bb6 6. dxe5 Nxe5 7. Nxe5 dxe5 8. Bxf7+ Ke7 9. Qxd8+ Kxd8 10. f3 Nh6 11. Bg5+ Kd7 12. Bb3 Rf8 13. Na3 a5 14. 0-0-0+ Kc6 15. Ba4+ 1-0

[Event "CFriend AC-2005-Q-00005 email"]
[Site "Chessfriend.com"]
[Date "2005.07.22"]
[Round "1"]
[White "Reese, Joern"]
[Black "Tenev, Toncho Spasov"]
[Result "0-1"]
[WhiteElo "1753"]
[BlackElo "2366"]
[PlyCount "38"]
[EventDate "2005.??.??"]
[EventType "tourn (corr)"]
[EventRounds "6"]
[SourceTitle "Corr 2008"]
[Source "ChessBase"]
[SourceDate "2008.06.24"]
[SourceVersion "1"]
[SourceVersionDate "2008.06.24"]
[SourceQuality "1"]

1. e3 e5 2. d4 Nc6 3. Nf3 e4 4. Nfd2 f5 5. Qh5+ g6 6. Qh3 f4 7. Nxe4 d5 8. Qf3 dxe4 9. Qxe4+ Qe7 10. Qxf4 Bh6 11. Qf3 Nxd4 12. Qd1 Bg7 13. c3 Bg4 14. f3 Qh4+ 15. Kd2 Qf2+ 16. Kd3 Nxf3 17. gxf3 0-0-0+ 18. Ke4 Bf5+ 19. Kf4 Qh4# 0-1

[Event "CFriend AP-2005-Q-00009 email"]
[Site "Chessfriend.com"]
[Date "2005.04.15"]
[Round "1"]
[White "Reese, Joern"]
[Black "Carr, James"]
[Result "0-1"]
[WhiteElo "1753"]
[BlackElo "1925"]
[PlyCount "26"]
[EventDate "2005.??.??"]
[EventType "tourn (corr)"]
[EventRounds "12"]
[SourceTitle "Corr 2024"]
[Source "ChessBase"]
[SourceDate "2023.10.19"]
[SourceVersion "1"]
[SourceVersionDate "2023.10.19"]
[SourceQuality "1"]

1. d4 Nf6 2. e3 d5 3. f3 e6 4. Bd3 c5 5. c3 Nc6 6. f4 Bd6 7. Nh3 Ne4 8. Nd2 Qh4+ 9. g3 Qxh3 10. Qe2 f5 11. b4 Nxc3 12. Qf2 Nxb4 13. Bf1 Nc2# 0-1